The antiquities of Egypt : (Record no. 228923)
[ view plain ]
| 000 -LEADER | |
|---|---|
| fixed length control field | 01063pam a2200301 a 4500 |
| 001 - CONTROL NUMBER | |
| control field | 000643519 |
| 003 - CONTROL NUMBER IDENTIFIER | |
| control field | AM-YeHGA |
| 005 - DATE AND TIME OF LATEST TRANSACTION | |
| control field | 20250617140917.0 |
| 008 - FIXED-LENGTH DATA ELEMENTS--GENERAL INFORMATION | |
| fixed length control field | 890912s1990 njuaf b 001 0 eng d |
| 020 ## - INTERNATIONAL STANDARD BOOK NUMBER | |
| International Standard Book Number | 0887383033 |
| 040 ## - CATALOGING SOURCE | |
| Original cataloging agency | AM-YeHGA |
| 041 1# - LANGUAGE CODE | |
| Language code of text/sound track or separate title | eng |
| Language code of original | grc |
| 043 ## - GEOGRAPHIC AREA CODE | |
| Geographic area code | f-ua--- |
| 090 ## - LOCALLY ASSIGNED LC-TYPE CALL NUMBER (OCLC); LOCAL CALL NUMBER (RLIN) | |
| -- | 230471 |
| 100 0# - MAIN ENTRY--PERSONAL NAME | |
| Personal name | Diodorus, |
| Titles and words associated with a name | Siculus. |
| 240 10 - UNIFORM TITLE | |
| Uniform title | Bibliotheca historica. |
| Number of part/section of a work | Book 1. |
| Language of a work | English |
| 245 14 - TITLE STATEMENT | |
| Title | The antiquities of Egypt : |
| Remainder of title | A translation with notes of book I of the Library of history, of Diodorus Siculus / |
| Statement of responsibility, etc. | Edwin Murphy. |
| 260 ## - PUBLICATION, DISTRIBUTION, ETC. | |
| Place of publication, distribution, etc. | New Brunswick, N.J., U.S.A. : |
| Name of publisher, distributor, etc. | Transaction Publishers, |
| Date of publication, distribution, etc. | 1990. |
| 300 ## - PHYSICAL DESCRIPTION | |
| Extent | xiv, 179 p. : |
| Other physical details | [31] p. of plates : ill. ; |
| Dimensions | 24 cm. |
| 500 ## - GENERAL NOTE | |
| General note | Translation of: Bibliotheca historica, book 1. |
| 500 ## - GENERAL NOTE | |
| General note | Rev. ed. of: Diodorus "On Egypt." 1985. |
| 504 ## - BIBLIOGRAPHY, ETC. NOTE | |
| Bibliography, etc. note | Includes bibliogr. references (p. 157-166). |
| 651 #0 - SUBJECT ADDED ENTRY--GEOGRAPHIC NAME | |
| Geographic name | Egypt |
| General subdivision | Civilization |
| Chronological subdivision | To 332 B.C. |
| 651 #0 - SUBJECT ADDED ENTRY--GEOGRAPHIC NAME | |
| Geographic name | Egypt |
| General subdivision | Antiquities. |
| 700 1# - ADDED ENTRY--PERSONAL NAME | |
| Personal name | Murphy, Edwin. |
| 700 0# - ADDED ENTRY--PERSONAL NAME | |
| Personal name | Diodorus, |
| Titles and other words associated with a name | Siculus. |
| Title of a work | Diodorus "On Egypt." |
| 942 ## - ADDED ENTRY ELEMENTS (KOHA) | |
| Source of classification or shelving scheme | Universal Decimal Classification |
| Koha item type | Գրքեր / Books |
| Withdrawn status | Lost status | Source of classification or shelving scheme | Damaged status | Not for loan | Collection | Home library | Current library | Date acquired | Total checkouts | Full call number | Barcode | Date last seen | Price effective from | Koha item type | Public note |
|---|---|---|---|---|---|---|---|---|---|---|---|---|---|---|---|
| Universal Decimal Classification | Gulbenkian Individual Collection | Fundamental Scientific Library | Fundamental Scientific Library | 29/12/2016 | Gulb/7851 | FL0102980 | 29/12/2016 | 29/12/2016 | Գրքեր / Books | ILL Non-Circ. |
ՀՀ Գիտությունների ազգային ակադեմիայի հիմնարար գիտական գրադարան = Fundamental Scientific Library of NAS RA
All site content, except where otherwise noted, is licensed under a